Vista normal
Vista MARC
Entrada Topical Term
Número de registros utilizados en: 1
001 - CONTROL NUMBER
- control field: 38811
003 - CONTROL NUMBER IDENTIFIER
- control field: OSt
005 - DATE AND TIME OF LATEST TRANSACTION
- control field: 20210728074708.0
008 - FIXED-LENGTH DATA ELEMENTS
- fixed length control field: 210728|| aca||aabn | a|a d
040 ## - CATALOGING SOURCE
- Original cataloging agency: OSt
- Transcribing agency: OSt
150 ## - HEADING--TOPICAL TERM
- Topical term or geographic name entry element: Mercado colombiano de capitales
- Chronological subdivision: 1952
670 ## - SOURCE DATA FOUND
- Source citation: Work cat.: (OSt)8092: Manero, Alfonso, 16308 autor, Informe presentado al Banco Internacional de Reconstrucción y Fomento, sobre el mercado colombiano de capitales : , 1953